| 000 | 00446 a2200157 4500 | ||
|---|---|---|---|
| 999 |
_c313928 _d313928 |
||
| 001 | 78855 | ||
| 003 | NUST | ||
| 005 | 20180119190125.0 | ||
| 008 | 180119b xxu||||| |||| 00| 0 eng d | ||
| 082 | _a355.90095491 PAK | ||
| 100 |
_aPakistan Army _99121 |
||
| 245 |
_aPakistan Army Green Book 1992 (The Year of the Senior Field Commanders) _hEnglish _bPakistan Army Green Book |
||
| 250 | _a1992 | ||
| 260 |
_aRawalpindi _bGHQ _c1998 |
||
| 300 | _a278 | ||
| 500 | _aGeneral Books | ||
| 505 | _aGifted Books | ||
| 942 |
_aCAE NUST _cBK _k355.90095491 PAK _2ddc |
||